[Event "Bay Area Open 2019"]
[Site "Burlingame"]
[Date "2019.01.04"]
[Round "5"]
[White "Karthik Venkataraman"]
[Black "Ynojosa Aponte, Felix Jose"]
[Result "0-1"]
[WhiteElo "2515"]
[BlackElo "2368"]
[Annotator "TA"]
[PlyCount "132"]
[EventDate "2019.01.01"]
[EventType "swiss"]
[EventCountry "USA"]
[SourceTitle "playchess.com"]
[Source "ChessBase"]
[SourceQuality "1"]

{[%evp 17,132,44,33,51,37,44,88,93,104,102,120,100,106,53,56,46,79,43,31,18,52,0,14,6,37,0,0,25,11,0,29,44,39,50,38,-18,74,45,20,31,32,21,150,135,154,-247,-246,-232,-217,-283,-295,-273,-274,-323,-329,-341,-321,-382,-375,-375,-370,-311,-319,-362,-380,-489,-488,-548,-541,-665,-665,-665,-657,-642,-647,-798,-756,-868,-859,-1464,-1370,-1603,-2317,-2527,-2475,-1905,-1902,-29970,-29971,-29971,-29972,-29971,-29971,-29972,-29973,-29970,-29975,-29976,-29969,-29968,-29968,-29972,-29970,-29969,-29970,-29968,-29954,-29978,-29979,-29981,-29978,-29978,-29979,-29978,-29978,-29977,-29975]} 1. e4 c5 2. Nf3 Nc6 3. Bb5 e6 4. O-O Nge7 5. d4 cxd4 6. Nxd4 Nxd4 {B30: Sicilian: 2...Nc6 3 Bb5, lines without ...g6} 7. Qxd4 a6 8. Be2 Nc6 9. Qc3 b5 {LiveBook: 10 Games} 10. a4 b4 11. Qg3 Bb7 12. Bg5 Qb8 $146 ({Predecessor:} 12... Be7 13. Bxe7 Qxe7 14. Qxg7 {1-0 (44) Areshchenko,A (2664)-Krasenkow,M (2636) Baku 2014}) 13. Bf4 $1 {[%cal Rf4b8]} d6 14. Nd2 Ne5 15. Be3 (15. Rfd1 $16) 15... h5 $14 16. f4 h4 17. Qh3 Nd7 18. Bd4 Be7 19. Bd3 (19. Rad1 $14) 19... Bf6 20. Bxf6 Qa7+ 21. Kh1 gxf6 22. Nc4 {[%cal Bd2c4,Bc4e3,Be3f5][%mdl 32]} Ke7 {[%cal Be8e7,Be7f8,Bf8f7][%mdl 32]} 23. Rad1 d5 24. exd5 Bxd5 25. Ne3 $36 {[%mdl 2048] White has the initiative.} Bc6 26. Rfe1 (26. f5 $14 e5 27. Bc4) 26... Qc7 (26... Nc5 $1 $11 {keeps the balance.}) 27. Nf5+ Kf8 28. Nxh4 {aiming for Ng6+!} Rh6 $1 29. Qg4 $1 a5 {[#]} (29... Nc5 $11) 30. Re3 $1 $16 {Rde1 is the strong threat.} Rh8 31. Rxe6 $2 ({Don't take} 31. Rg3 $6 Ke7 $16) (31. Bb5 $16 {stays on course.}) 31... fxe6 $19 {[%cal Bf7e6,Be6f5][%mdl 32]} 32. Ng6+ Kf7 33. Nxh8+ Rxh8 34. Bg6+ {[#]} Ke7 $1 35. Bf5 exf5 36. Qg7+ Ke6 37. Re1+ Be4 {[%mdl 64] Discovered Attack} 38. Qxh8 Qxc2 {[%csl Ge4][%cal Rc2g2][%mdl 64] Double Attack} 39. Qg8+ Kd6 40. b3 Bd5 41. Qg7 Kc6 42. h4 {intending h5.} Qxb3 43. h5 Qh3+ 44. Kg1 Qxh5 45. Qe7 {Black must now prevent Rc1+.} Qf7 46. Rc1+ Kb7 47. Qd6 Nb6 48. Rc5 b3 {[%cal Bb4b3,Bb3b2][%mdl 32]} 49. Rb5 Bc6 50. Rc5 Qe8 51. Qd2 Nxa4 52. Rxa5 b2 {Black mates.} 53. Qb4+ Kc8 54. Rxa4 Bxa4 55. Qxb2 Qe3+ 56. Kh1 Bc6 57. Qa2 Qxf4 58. Qe6+ Kb7 59. Qf7+ Kb6 60. Qb3+ Kc5 61. Qc3+ Qc4 62. Qe3+ Kd6 63. Kh2 Qh4+ 64. Kg1 Qe4 {[%csl Gc6][%cal Re4g2]} 65. Qa3+ Kd7 {[%csl Gc6][%cal Re4g2]} 66. Qa7+ Bb7 {Accuracy: White = 40%, Black = 71%.} 0-1

[Event "Bay Area Open 2019"]
[Site "Burlingame"]
[Date "2019.01.04"]
[Round "5"]
[White "Escalante Ramirez, Brian Sebasti"]
[Black "Quesada Perez, Yuniesky"]
[Result "1/2-1/2"]
[WhiteElo "2446"]
[BlackElo "2642"]
[Annotator "TA"]
[PlyCount "85"]
[EventDate "2019.01.01"]
[EventType "swiss"]
[EventCountry "USA"]
[SourceTitle "playchess.com"]
[Source "ChessBase"]
[SourceQuality "1"]

{[%evp 20,85,0,0,26,0,18,19,14,14,17,-13,-15,-17,-11,-13,-12,-16,-3,-15,-3,-15,0,0,0,-23,-15,-16,-16,-15,-6,-12,0,0,0,0,0,0,0,0,0,0,0,0,0,0,0,0,0,0,0,0,0,0,0,0,0,0,0,0,0,0,0,0,0,0,0,0]} 1. e4 c5 2. Nc3 Nc6 3. Bb5 Nd4 4. Bc4 a6 5. a4 e6 6. Nge2 Nf6 7. O-O Nxe4 8. Nxe4 d5 9. Nxd4 cxd4 10. Bd3 {B30: Sicilian: 2...Nc6 3 Bb5, lines without ...g6} dxe4 11. Bxe4 {LiveBook: 7 Games} Be7 (11... Bd6 12. d3 f5 13. Bf3 O-O 14. Bd2 Qc7 15. h3 Bd7 16. Re1 Kh8 17. c4 a5 {0-1 (57) Tissir,M (2381)-Jumabayev,R (2612) Riadh 2017}) 12. c4 $146 {White has an edge.} ({Predecessor:} 12. d3 O-O 13. c3 dxc3 14. bxc3 Qc7 15. Qb3 Rb8 16. c4 Bf6 17. Rb1 Bd7 {½-½ (41) Simonian,H (2469)-Szabo,B (2317) Budapest 2012}) 12... Qc7 13. d3 O-O 14. g3 Bd7 15. f4 Bc6 16. Bf3 a5 17. b3 Rfe8 18. Ra2 Bb4 19. g4 Rad8 20. Rg2 e5 21. fxe5 Qxe5 22. Bxc6 bxc6 23. Qf3 {The position is equal.} Qe6 24. h4 {[%cal Bh2h4,Bh4h5][%mdl 32]} Rd7 25. h5 Rde7 26. g5 Qd7 27. h6 Re1 {[#] ...Rxf1+ is the strong threat.} 28. Rgf2 {[%cal Rf3f7]} Rxf1+ 29. Rxf1 gxh6 30. gxh6 {Threatening mate with Qg3+.} Re6 31. Rf2 Rg6+ 32. Rg2 Qe6 33. Bf4 Qf5 {[#] aiming for ...Bd6!} 34. Kf2 Qe6 {[%csl Gb4][%cal Re6e1]} 35. Qe4 Qxe4 36. dxe4 $11 {[%mdl 4096] Endgame KRB-KRB} f6 37. Rg3 Kf7 38. Ke2 c5 39. Rxg6 Kxg6 40. Kd3 Kh5 41. Ke2 Kg6 42. Kd3 Kh5 43. Ke2 {Accuracy: White = 77%, Black = 61%.} 1/2-1/2

[Event "Bay Area Open 2019"]
[Site "Burlingame"]
[Date "2019.01.04"]
[Round "5"]
[White "Katz, Alexander"]
[Black "Le, Quang Liem"]
[Result "1/2-1/2"]
[WhiteElo "2433"]
[BlackElo "2714"]
[Annotator "TA"]
[PlyCount "122"]
[EventDate "2019.01.01"]
[EventType "swiss"]
[EventCountry "USA"]
[SourceTitle "playchess.com"]
[Source "ChessBase"]
[SourceQuality "1"]

{[%evp 20,122,0,0,-17,-8,-17,-18,2,0,37,-17,-26,-35,-13,-69,-65,-62,-60,-68,-60,-114,-48,-33,-31,-43,-38,-57,-66,-72,-61,-70,-63,-59,-14,-87,-4,-6,-22,-13,24,0,47,0,0,0,0,0,0,0,0,-55,-39,-50,-20,-39,-12,-74,33,-61,-50,-78,-22,-20,-6,-44,11,11,11,-41,-6,-15,-15,-21,-20,-23,0,0,0,0,0,-15,-14,-19,-11,-15,-11,-28,-22,-22,0,-25,-6,-6,0,0,0,0,0,0,0,0,0,0,0]} 1. e4 c5 2. Nf3 d6 3. d4 cxd4 4. Nxd4 Nf6 5. Nc3 Nc6 6. Be2 e5 7. Nb3 Be7 8. Be3 Be6 9. Qd2 O-O 10. O-O a5 {[%cal Ba7a5,Ba5a4,Ba4a3][%mdl 32]} 11. Rad1 a4 {B59: Classical Sicilian: 6 Be2 e5 7 Nb3} 12. Nc1 a3 13. b3 Rc8 14. Bf3 $146 ({Predecessor:} 14. f4 exf4 15. Bxf4 Ne5 16. Nb5 Ng6 17. Nxd6 Bxd6 18. Qxd6 Nxf4 19. Qxf4 {0-1 (35) Kimelman,M (2273)-Samsonkin,A (2479) Toronto 2008}) 14... Nb4 15. Nd5 (15. Nd3 $14 Nxd3 16. Qxd3) 15... Bxd5 $11 16. Qxb4 Bc6 17. Ne2 (17. Bb6 $11 Qe8 18. Nd3) 17... Qe8 18. Ng3 d5 $1 19. Qa5 {[%cal Re4d5]} Ra8 ({But not} 19... dxe4 20. Be2 $11) ({Much worse is} 19... Nxe4 $6 20. Bxe4 dxe4 21. Qxe5 $11) 20. Qc7 (20. Qe1 $15 dxe4 21. Be2) 20... dxe4 ({Black should play} 20... d4 $17 21. Bd2 Bc5) 21. Be2 $1 $15 Bd8 22. Qd6 Qe7 23. Bc5 Qxd6 24. Bxd6 Re8 25. c4 g6 26. b4 {[%cal Bb3b4,Bb4b5][%mdl 32]} b6 27. Rc1 (27. Rfe1 $11) 27... Nd7 ({Black should try} 27... Re6 $17 28. c5 b5) 28. Rfd1 f5 29. Rc3 Nf8 {[%cal Bd7f8,Bf8e6,Be6c5][%mdl 32]} 30. Nf1 Be7 31. b5 (31. c5 $5 {[%cal Re2c4]} b5 32. Ne3 $14) 31... Bd7 32. Bxe5 Bb4 $36 {[%mdl 2048] Black fights for an advantage.} 33. Rb3 Bc5 34. Bd6 {[#] Hoping for Bxf8.} Ne6 35. Bxc5 ({Better is} 35. Be5 $11 Nf8 36. Bd6) 35... Nxc5 36. Rc3 Be6 37. Ne3 Kf7 38. Rd6 (38. g3 $11 {keeps the balance.}) 38... Reb8 (38... Rad8 $17 39. Rxd8 (39. Rxb6 Rd2 $17) 39... Rxd8) 39. Nc2 (39. Nd5 $14) 39... Ke7 40. Rd1 Ra4 (40... Rd8 $17 {...Rxd1+ is the strong threat.} 41. Nd4 Kf6) 41. f3 Kf6 42. Bf1 Nb7 (42... exf3 $15 43. gxf3 f4) 43. fxe4 $11 fxe4 44. Rxa3 (44. Kf2 $11) 44... Rba8 45. Rxa4 Rxa4 46. a3 Ke5 47. Kf2 Nc5 48. Rd8 Bxc4 49. Bxc4 Rxc4 {[%mdl 4096] Endgame KRN-KRN} 50. Nb4 Rc3 51. Nc6+ Kf4 {[#] White must now prevent ...Nd3+.} 52. Rf8+ Kg5 53. Ra8 Rc2+ 54. Kg3 Ne6 55. Ra4 Rc3+ 56. Kf2 {The position is equal.} Nf4 57. Rxe4 Rxa3 58. Nd4 {Strongly threatening h4+!} Nd3+ 59. Ke2 Nc1+ 60. Kf2 Nd3+ 61. Ke2 Nf4+ {Accuracy: White = 41%, Black = 37%.} 1/2-1/2

[Event "Bay Area Open 2019"]
[Site "Burlingame"]
[Date "2019.01.04"]
[Round "5"]
[White "Balakrishnan, Praveen"]
[Black "Stukopin, Andrey"]
[Result "1/2-1/2"]
[WhiteElo "2418"]
[BlackElo "2565"]
[Annotator "TA"]
[PlyCount "165"]
[EventDate "2019.01.01"]
[EventType "swiss"]
[EventCountry "USA"]
[SourceTitle "playchess.com"]
[Source "ChessBase"]
[SourceQuality "1"]

{[%evp 24,165,35,25,69,67,75,72,66,28,41,0,0,-24,0,-60,-50,-42,0,-56,-45,-26,-19,-115,-115,-170,-166,-154,-88,-97,0,0,58,65,81,68,69,-29,-30,-27,-28,-27,-26,-91,-34,-222,-15,-14,-7,-33,-31,-29,-28,-101,-47,-163,-102,-185,-173,-285,-236,-235,-222,-335,-306,-451,-413,-504,-506,-556,-247,-247,-186,-187,-199,-196,-195,-222,-196,-188,-193,-241,-235,-333,-304,-294,-167,-157,-103,-103,-103,-103,-66,-66,0,0,0,0,0,0,0,0,0,0,0,0,0,0,0,0,0,0,0,0,0,0,0,0,0,0,0,0,0,0,0,0,0,0,0,0,0,0,0,0,0,0,0,0,0,0,0,0,0,0]} 1. e4 c5 2. Nf3 e6 3. d4 cxd4 4. Nxd4 Nc6 5. Nc3 Qc7 6. Be3 a6 7. Qd2 Nf6 8. O-O-O Bb4 9. f3 Ne7 {B48: Sicilian: Taimanov: 5 Nc3 Qc7 6 Be3 a6 without Be2} (9... O-O 10. g4 b5 11. g5 Nh5 12. Kb1 Rb8 13. Nxc6 dxc6 14. f4 c5 15. Be2 g6 16. Bxh5 gxh5 17. f5 {1-0 (27) Saric,I (2657)-Bosiocic,M (2611) Batumi 2018}) 10. Nde2 b5 11. Kb1 Ba5 12. Bf4 e5 13. Bg5 {LiveBook: 12 Games} b4 14. Na4 b3 15. Nec3 bxa2+ 16. Kxa2 $146 ({Predecessor:} 16. Ka1 Bb4 17. Bxf6 gxf6 {0-1 (36) Green,A (1951)-Beck,F (2292) Sibenik 2007}) 16... Bb4 $1 17. Kb1 Rb8 $1 18. Bxf6 gxf6 19. Nd5 (19. f4 $11) 19... Nxd5 $15 20. Qxd5 Bb7 21. Qa2 (21. Qc4 $11 Qa5 22. b3) 21... Bc6 22. Bc4 O-O {White must now prevent ...Bxa4.} 23. Bb3 (23. Bd5 $11) 23... Rb5 $1 $17 24. g4 (24. Rd5 $17 {is a better defense.}) 24... Ra5 $19 25. g5 Kh8 (25... fxg5 $142 26. Rdg1 Rb8 27. Rxg5+ Kh8) 26. gxf6 Rg8 (26... d6 $17 27. c3 Bxc3 $1 {[%mdl 512]} 28. bxc3 Rb8) 27. Rhg1 $11 Rxg1 (27... Rf8 $11) 28. Rxg1 $14 Qa7 $1 {[%cal Ra7g1]} 29. Rd1 Qb8 $1 30. Kc1 ({White should play} 30. c3 $1 $14 Bxc3 31. bxc3 Bxa4 32. Kc2 Bxb3+ 33. Qxb3 Qxb3+ 34. Kxb3 Rb5+ 35. Kc4) 30... Qd8 $40 {[%mdl 128] White needs to defend precisely.} 31. c3 Bf8 32. Bc2 Qxf6 33. Qc4 (33. Kb1 $1 $11 {keeps the balance.}) 33... Qxf3 (33... Bb5 $17 34. Qc8 Qh6+ {[%mdl 64] Double Attack} 35. Kb1 Rxa4) 34. Rf1 $2 (34. Kb1 $15) 34... Bb5 $2 (34... Qe3+ $1 $19 35. Kb1 Bxa4) 35. Rxf3 {Intending Qc8 and mate.} Bxc4 36. b3 Bh6+ 37. Kd1 Be6 {Threatens to win with ...Bg4.} 38. Rd3 {[#]} (38. Ke1 $11) 38... Rb5 ({Black should try} 38... Bf8 $1 $17 39. Rg3 Rb5) 39. Rd6 (39. c4 $1 $15 Rb8 40. Nc5) 39... a5 (39... Rb8 $19 40. b4 Rg8) 40. c4 (40. Rb6 $17 {was worth a try.} Rxb6 41. Nxb6) 40... Rb8 $19 41. Bd3 (41. Rd3 $142) 41... Rg8 ({Much less strong is} 41... Rxb3 42. Nc5 $19) 42. Bf1 Be3 43. Nc3 (43. Rd3 $142 Bd4 44. Kd2) 43... Rg1 44. Ke2 (44. Ke1 {keeps fighting.}) 44... Bd4 45. Nb5 Bc5 46. Rd3 {[#]} Rg4 (46... a4 $142 $1 {[%mdl 512] ...axb3 is the strong threat.} 47. Rg3 (47. bxa4 Bxc4) 47... a3 48. Nxa3 Rxg3 49. hxg3 Bxa3) 47. Nc3 Rf4 48. Bh3 Bd4 49. Bxe6 fxe6 ({Don't play} 49... dxe6 50. Rh3 $17) 50. Rh3 Bxc3 51. Rxc3 Rxe4+ {[%mdl 4096] Endgame KR-KR} 52. Kf2 Rf4+ 53. Kg2 (53. Ke1 $142) 53... Kg7 54. c5 Rf8 (54... e4 $142 55. c6 dxc6 56. Rxc6 Kf6) 55. Rd3 Rd8 ({Better is} 55... Rf7 56. Rg3+ Kf8) 56. Kf3 $17 Kf6 57. Ke4 Ke7 58. Rh3 Rc8 (58... d5+ $1 $15 59. Kxe5 Kd7) 59. Rxh7+ $11 {The position is equal.} Kf6 60. Rxd7 Rxc5 61. Rd3 Rb5 62. Rf3+ Ke7 63. Rd3 Kf7 64. Rf3+ Ke7 65. Rd3 Rc5 66. h4 Rb5 67. Rh3 Kd6 {( -> ...Rb4+)} 68. Rd3+ Ke7 69. Rh3 Kf6 {And now ...Rb4+ would win.} 70. Rf3+ Kg6 71. Rg3+ Kh5 72. Rg5+ Kxh4 73. Rxe5 Rb4+ 74. Kd3 Rxb3+ 75. Kd2 $1 Rb2+ 76. Kd3 Rb3+ 77. Kd2 Rb6 {aiming for ...Ra6.} 78. Rxa5 Kg4 79. Ke3 Rb1 80. Re5 Rf1 81. Ke2 Rf6 82. Ke3 Rf3+ 83. Ke4 {Accuracy: White = 42%, Black = 57%.} 1/2-1/2

[Event "Bay Area Open 2019"]
[Site "Burlingame"]
[Date "2019.01.04"]
[Round "5"]
[White "Jacobson, Brandon"]
[Black "Ali Marandi, Cemil Can"]
[Result "1/2-1/2"]
[WhiteElo "2404"]
[BlackElo "2530"]
[Annotator "TA"]
[PlyCount "197"]
[EventDate "2019.01.01"]
[EventType "swiss"]
[EventCountry "USA"]
[SourceTitle "playchess.com"]
[Source "ChessBase"]
[SourceQuality "1"]

{[%evp 19,197,9,34,31,16,10,83,72,87,-14,-4,-46,-43,-38,-38,-45,-12,-7,0,0,41,34,40,44,87,44,44,73,68,45,42,45,124,126,133,127,166,166,165,108,121,106,146,29,19,26,20,18,18,18,18,18,87,18,52,19,89,81,83,77,77,82,272,228,340,241,865,891,1532,1527,1236,1157,931,0,0,0,0,0,29973,29974,29974,29975,29972,0,0,0,0,0,0,0,0,0,0,0,0,0,0,0,0,0,0,0,0,0,0,0,0,0,0,0,0,0,0,0,0,0,0,0,0,0,0,0,0,0,0,0,0,0,0,0,0,0,0,0,0,0,0,0,0,0,0,0,0,0,0,0,0,0,0,0,0,0,0,0,7,7,8,0,16,8,8,8,8,8,15,16,16,16,28,0,0,62,99,0,0,0,0,0,0,0]} 1. Nf3 d5 2. d4 Nf6 3. c4 c6 4. e3 Bf5 5. Nc3 e6 6. Nh4 Be4 7. f3 Bg6 8. Qb3 Qc7 9. Bd2 {D12: Slav Defence: 3 Nf3 Nf6 4 e3 Bf5} Be7 10. g3 (10. O-O-O dxc4 11. Bxc4 a6 12. Be2 Nbd7 13. Nxg6 hxg6 14. Kb1 c5 15. d5 exd5 16. Nxd5 Nxd5 17. Qxd5 {0-1 (31) Karjakin,S (2773)-Caruana,F (2822) Saint Louis 2018}) 10... O-O {LiveBook: 33 Games} 11. g4 {White is slightly better.} dxc4 12. Bxc4 c5 $146 (12... a5 $11) ({Predecessor:} 12... Nd5 13. Nxg6 hxg6 14. O-O-O Nxc3 15. Bxc3 Nd7 16. Qc2 Nb6 {½-½ (34) Laghetti,G (2469)-Voiculescu,C (2458) ICCF email 2016}) 13. Nxg6 hxg6 14. d5 (14. g5 $1 $16 {[%cal Rg5f6]} Nfd7 15. d5) 14... exd5 15. Nxd5 Nxd5 16. Bxd5 Bh4+ 17. Kf1 Nc6 18. Kg2 Ne7 19. Bc4 b5 20. Qxb5 (20. Bxb5 Rab8 $15) 20... Rab8 21. Qa5 $1 $36 {[%cal Ra5c7][%mdl 2048] White has some pressure.} Qd6 22. Bc3 {And now Rhd1 would win.} Nd5 23. Bxd5 $1 Qxd5 24. Qa6 (24. Rhd1 $5 {[%cal Rd1d5]} Qg5 25. Rd3 $16 (25. Qxa7 Qxe3 26. Rd2 Bf6 $11)) 24... Rfe8 25. Qe2 (25. Qxa7 Ra8 $15) 25... Qg5 (25... Bf6 $14) 26. e4 $16 f5 27. Rad1 Qe7 {[%cal Rf5e4]} 28. Qc4+ Kh7 {[%cal Rf5e4]} 29. Rhf1 ({Better is} 29. e5 $18) 29... fxg4 30. fxg4 Rf8 31. Rxf8 (31. e5 $16) 31... Rxf8 $11 32. Rf1 Rxf1 33. Kxf1 Qf8+ 34. Ke2 Qf2+ 35. Kd1 {Black should prevent Qe2.} Qxh2 (35... Qg1+ $11 36. Kc2 Qxh2+ 37. Kb3 Qb8+ 38. Ka3 Qb7) 36. e5 (36. Qf7 $6 Qh1+ 37. Kc2 Qxe4+ 38. Kb3 Bf6 $11) (36. Qe2 $1 $16 {[%cal Re2h2]} Qd6+ 37. Kc2) 36... Qg2 37. e6 Be7 (37... Qg1+ $11 {remains equal.} 38. Kc2 Qg2+ 39. Kb3 Qb7+ 40. Ka4 Qc6+ 41. Ka3 Be7) 38. Qe2 $16 Qd5+ 39. Kc2 c4 {[#]} 40. a3 $1 {[%cal Ba2a3,Ba3b4][%mdl 32]} Kg8 $2 (40... Qc6 $16) 41. Bb4 $18 Bxb4 (41... Bf6 $142 42. Kb1 (42. e7 Qd3+ 43. Qxd3 cxd3+ 44. Kxd3 Kf7 $16) 42... Qb5) 42. axb4 {[%mdl 4096] Endgame KQ-KQ} Qb5 $2 (42... Kf8 43. Qf2+ Kg8) 43. Kc3 a5 44. Qxc4 Qe5+ 45. Kb3 axb4 46. e7+ $2 (46. Qc8+ $18 Kh7 47. Qd7 (47. Kxb4 Qxb2+ 48. Ka5 Qd4 $14) 47... Qg3+ 48. Ka4 (48. Kxb4 Qxg4+ 49. Kc5 Qf5+ 50. Qd5 Qc2+ 51. Kd6 Qxb2 $16) 48... Qxg4 49. Qd6) 46... Kh7 $11 47. Qf7 Qe3+ 48. Kc4 ({Don't take} 48. Kxb4 $6 Qb6+ 49. Kc4 Qc6+ 50. Kd4 Qb6+ 51. Kc4 Qc6+ 52. Kd3 Qb5+ 53. Ke3 Qc5+ 54. Kf3 Qc6+ 55. Kf4 (55. Kg3 Qd6+ 56. Kg2 Qc6+ 57. Kf2 Qb6+ 58. Kf3 Qc6+ 59. Kf4 Qc7+ 60. Ke4 Qc2+ 61. Ke3 Qc5+ 62. Kd3 Qb5+ 63. Ke3 Qb6+ 64. Ke4 Qb7+ 65. Ke3 Qb6+ 66. Kf3 Qc6+ $16) 55... Qc7+ 56. Ke4 Qc2+ 57. Ke3 Qc5+ 58. Kd3 Qb5+ 59. Ke3 Qc5+ $16) 48... Qe4+ $2 {[%mdl 8192] [#]} (48... Qe2+ $11 49. Kc5 (49. Kxb4 Qxb2+ 50. Kc5 Qe5+ 51. Kc6 Qe4+ 52. Kc7 Qe5+ 53. Kc6 Qe4+ 54. Kd6 Qb4+ 55. Kc7 Qa5+ 56. Kd6 Qa6+ 57. Kc7 Qa5+ 58. Kc8 Qa8+ 59. Kc7 Qa5+ $11) 49... Qe5+ 50. Kc6 Qe4+ 51. Kd6 Qd4+ 52. Qd5 Qb6+ 53. Qc6 Qd4+ 54. Kc7 Qa7+ 55. Qb7 Qc5+ 56. Kd7 Qd4+ 57. Kc8 Qc4+ 58. Kd8 Qd4+ 59. Kc8 Qxg4+ 60. Qd7 Qf3) 49. Kc5 $1 Qe5+ 50. Kc6 Qe4+ 51. Kb6 $2 (51. Kd6 {mates} Qd4+ 52. Qd5 Qb6+ 53. Kd7 Qa7+ 54. Ke6 Qa6+ 55. Kf7 Qf1+ 56. Ke8) 51... Qd4+ $1 52. Ka6 Qd6+ 53. Kb5 Qd7+ 54. Kc4 ({Don't do} 54. Kxb4 $6 Qd6+ 55. Kc4 Qc6+ 56. Kd4 Qb6+ 57. Kc4 Qa6+ 58. Kd4 Qb6+ 59. Ke4 Qb7+ 60. Kd3 Qb5+ 61. Qc4 Qd7+ 62. Kc2 Qxe7 $16) 54... Qxg4+ 55. Kb5 Qd7+ $1 56. Ka5 Qa7+ 57. Kxb4 Qd4+ 58. Kb3 Qd3+ 59. Kb4 Qd2+ 60. Kc5 Qe3+ 61. Kb5 Qe2+ 62. Ka5 Qe5+ 63. Ka4 Qe4+ 64. b4 Qc2+ 65. Ka5 Qc7+ 66. Kb5 Qe5+ 67. Kc6 Qe4+ 68. Kc7 Qe5+ 69. Kb6 Qd6+ 70. Ka5 Qc7+ 71. Ka4 Qc2+ 72. Qb3 Qc6+ 73. b5 Qa8+ 74. Kb4 {White wants to mate with Qh3+.} Qe4+ 75. Ka5 {Intending Qh3+ and mate.} Qxe7 76. b6 Qb7 77. Qh3+ Kg8 78. Qe6+ Kh7 79. Qh3+ Kg8 80. Qb3+ Kh7 81. Qc2 Qd5+ 82. Ka6 Qa8+ 83. Kb5 Qe8+ 84. Qc6 Qe2+ 85. Qc4 Qe8+ 86. Qc6 Qe2+ 87. Kc5 {Strongly threatening Qh1+.} Qf2+ 88. Kd6 {Hoping for Qh1+.} Qf4+ 89. Kd7 Qf7+ 90. Kd8 Qf8+ $1 91. Kc7 Qe7+ 92. Kc8 Qf8+ 93. Kb7 {Qh1+ is the strong threat.} Qe7+ 94. Qc7 Qe4+ 95. Kc8 {Black must now prevent Qh2+.} Qa8+ 96. Qb8 (96. Kd7 $16) 96... Qc6+ {The position is equal.} 97. Kd8 Qf6+ 98. Kc8 {Threatens to win with Qh2+.} Qe6+ 99. Kc7 {Accuracy: White = 42%, Black = 59%.} 1/2-1/2

[Event "Bay Area Open 2019"]
[Site "Burlingame"]
[Date "2019.01.04"]
[Round "5"]
[White "Yoo, Christopher Woojin"]
[Black "Ramirez, Alejandro"]
[Result "1/2-1/2"]
[WhiteElo "2388"]
[BlackElo "2567"]
[Annotator "TA"]
[PlyCount "54"]
[EventDate "2019.01.01"]
[EventType "swiss"]
[EventCountry "USA"]
[SourceTitle "playchess.com"]
[Source "ChessBase"]
[SourceQuality "1"]

{[%evp 22,54,0,6,0,-68,-56,-56,-56,-45,-37,-61,-59,-38,-66,-67,-30,-46,-26,-29,-24,-20,-19,-18,-22,-13,-7,-21,0,0,0,0,0,-3,0]} 1. e4 e5 2. Nf3 Nc6 3. Bb5 Nf6 4. d3 d6 5. c3 g6 6. O-O Bg7 7. Re1 O-O {C66: Ruy Lopez: Steinitz Defence} 8. h3 Re8 9. Nbd2 a6 10. Ba4 b5 11. Bb3 Na5 12. Bc2 {LiveBook: 3 Games} c5 13. d4 $146 ({White should play} 13. a3 $11) ({Predecessor:} 13. a4 Bb7 14. Nh2 d5 15. Ng4 Nh5 16. axb5 axb5 17. exd5 Qxd5 {0-1 (44) Handke,F (2525)-Howell,D (2698) Germany 2018}) 13... exd4 $15 14. cxd4 cxd4 15. Nxd4 Qb6 16. N4b3 Bb7 17. Nxa5 Qxa5 18. a4 Rac8 19. Bd3 $1 Qb4 {[%cal Rf6e4]} (19... Qb6 {with more complications.} 20. axb5 axb5 21. Bf1 Qc6 22. Qb3 Nxe4 23. Nxe4 Rxe4 24. Rxe4 Qxe4 25. Be3 Bc6) 20. axb5 axb5 {[%cal Rf6e4]} 21. Qb3 Qxb3 {The position is equal.} 22. Nxb3 Nxe4 {And now ...Nc5 would win.} 23. Bxb5 Re5 24. Be2 Nc5 25. Nxc5 Rexc5 26. Be3 Rc2 27. Rad1 Rxb2 {Accuracy: White = 86%, Black = 60%.} 1/2-1/2

[Event "Bay Area Open 2019"]
[Site "Burlingame"]
[Date "2019.01.05"]
[Round "6"]
[White "Le, Quang Liem"]
[Black "Liou, Yian"]
[Result "1-0"]
[WhiteElo "2714"]
[BlackElo "2412"]
[Annotator "TA"]
[PlyCount "147"]
[EventDate "2019.01.01"]
[EventType "swiss"]
[EventCountry "USA"]
[SourceTitle "playchess.com"]
[Source "ChessBase"]
[SourceQuality "1"]

{[%evp 30,147,38,9,3,8,46,47,58,31,50,44,52,43,70,55,50,68,71,52,105,82,147,160,149,119,189,196,175,166,192,178,216,205,241,240,281,243,261,260,278,281,273,255,275,250,252,248,252,269,318,324,332,325,325,263,249,223,220,210,240,228,235,236,237,234,224,228,224,217,229,226,219,231,242,185,210,182,166,177,135,64,263,260,260,260,260,261,262,262,263,263,263,263,263,248,263,263,263,263,263,263,263,263,263,262,263,263,499,262,290,388,364,367,1064,1009,5498,5422,5289,708]} 1. e4 e5 2. Nf3 Nc6 3. Bb5 a6 4. Ba4 Nf6 5. O-O Be7 6. Re1 b5 7. Bb3 d6 8. c3 O-O 9. h3 Nb8 10. d4 Nbd7 11. Nbd2 Bb7 12. Bc2 Re8 13. a4 Bf8 14. Bd3 c6 15. Qc2 {C95: Closed Ruy Lopez: Breyer Variation with 10 d4} g6 16. b4 {LiveBook: 5 Games} Nb6 17. axb5 {[#] The position is equal.} axb5 $146 ({Predecessor:} 17... cxb5 18. d5 Rc8 19. Nb3 Nbxd5 20. exd5 Nxd5 21. Be4 Nxb4 22. Qd2 d5 23. Bxg6 hxg6 24. cxb4 {½-½ (35) Naroditsky,D (2634)-Amin,B (2654) Helsingor 2016}) 18. Rxa8 Bxa8 19. Nb3 Nbd7 20. Bg5 h6 21. Be3 Qc7 22. dxe5 dxe5 23. Ra1 Bb7 24. c4 bxc4 ({Better is} 24... Bxb4 $14 25. cxb5 Rc8) 25. Bxc4 c5 (25... Nb6 $142) 26. Nfd2 $16 Rc8 27. Ra7 Ra8 (27... Qb8 $16 28. Qa2 Kg7) 28. Rxa8 $18 Bxa8 29. bxc5 Bc6 30. Bd3 Qa7 31. Qc3 Qa4 32. Na5 Ne8 33. Nxc6 Qxc6 34. Nb3 Qc7 35. Bb5 Ndf6 36. Qc4 Qd8 37. Nd2 Nc7 38. Bc6 Qc8 39. Bd5 Qd7 40. c6 Qe8 41. Bb6 Bd6 42. Qd3 {[#] Hoping for Bxf7+!} Qe7 43. Bb3 Kg7 44. Qc2 Nce8 45. g3 Bc7 46. Bc5 Bd6 47. Be3 Bc7 48. Kg2 Nd6 49. Qc5 Nc8 50. Qb5 Nd6 51. Qa4 Qe8 52. Bd5 Nc8 53. Nc4 Ne7 54. Qb5 Qd8 {[%cal Rf6d5]} 55. Nb6 (55. Bb6 $16) 55... Nc8 $2 (55... Qb8 $1 $14) 56. Nxc8 Qxc8 57. Qc4 Qe8 58. Qc1 Ng8 59. Kh2 h5 60. Qb2 Nf6 61. Bg5 Qb8 62. Qb7 Qd8 63. Kg2 Qd6 64. Qb3 Qf8 65. Qe3 {Bh6+ is the strong threat.} Qd6 66. Qf3 Bd8 67. Bc1 Bb6 68. Ba3 Bc5 $2 (68... Qd8 {was worth a try.} 69. Qb3 h4) 69. Bb2 (69. Qc3 $142 Nxd5 70. Bxc5 Nxc3 71. Bxd6) 69... Bb6 70. g4 hxg4 71. hxg4 {[%cal Bh3g4,Bg4g5][%mdl 32]} Qe7 $2 (71... Bc7 72. Ba3 Qd8) 72. g5 {And now Ba3 would win.White is clearly winning.} Nh7 {[#]} 73. Bxe5+ $1 {[%mdl 512]} Kg8 (73... Qxe5 74. Qxf7+) 74. Qf4 {Accuracy: White = 71%, Black = 38%.} (74. Bb2 $142 Qxg5+ 75. Kf1) 1-0